00658nam a2200229Ia 4500003000400000005001700004006001800021007000300039008004100042037001700083040001800100041001300118082001800131100001900149245006800168250000800236260006300244300001900307490004200326500002600368650003400394OSt20220925181656.0a|||||r|||| 00| 0ta220923b |||||||| |||| 00| 0 eng d cGeneral Book aRTLcRTLbeng 2engaeng aU43.73.N9, N2 aByrum Oliver E 0aOld problems in new times b Urban strategies for the 1990's  a2nd aChicagobAmerican Planning Association U. S. A. c1992 avi, 141p.ccm. aCentre for Urban and Regional Affairs aBibliography p.139-41 aUrban Geography-United States